|
|
|
|
| LEADER |
00000nam a22000007a 4500 |
| 005 |
20220823225713.0 |
| 007 |
cr|||| |||| |
| 008 |
220823s2022 ea |||||s|||| 00||0 spa d |
| 020 |
|
|
|a 978-84-1122-198-6
|
| 035 |
|
|
|a 36675
|
| 040 |
|
|
|a vLex
|
| 090 |
|
|
|c 13807
|d 13807
|
| 100 |
1 |
|
|a Otero Garca̕-Castrilln̤, Carmen
|
| 245 |
1 |
2 |
|a El acuerdo de comercio y cooperacin̤ entre la Unin̤ Europea y el Reino Unido
|h [Recurso electrn̤ico] /
|c Carmen Otero Garca̕-Castrilln̤, Julio A. Garca̕ Lp̤ez
|
| 256 |
|
|
|a Servicio en ln̕ea
|
| 260 |
|
|
|a Madrid:
|b Dykinson,
|c 2022
|
| 300 |
|
|
|a 1 recurso electrn̤ico
|
| 500 |
|
|
|a Una vez el Reino Unido abandon ̤la Unin̤ Europea se haca̕ necesario reconstruir sus relaciones comerciales que quedaban, sencillamente, bajo la cobertura de los acuerdos de la Organizacin̤ Mundial del Comercio. El 24 de diciembre de 2020 la organizacin̤ internacional de integracin̤ y su antes miembro alcanzaron, casi in extremis, un Acuerdo de Comercio y Cooperacin̤ que, desde el 1 de enero de 2021, gobierna las nuevas relaciones comerciales entre ambos. Se trata de un Acuerdo de Libre Comercio de l︢tima generacin̤ que intenta atemperar el drs̀tico cambio y las consiguientes dificultades que el Brexit supone para los operadores transfronterizos. Partiendo de la celebracin̤, el 16 de abril de 2021, de un seminario internacional en la Facultad de Derecho de la Universidad Complutense de Madrid, esta obra realiza un acercamiento al nuevo rǧimen de las relaciones comerciales bilaterales primero de manera general y, a continuacin̤, deteniňdose en aspectos sectoriales -tales como la energa̕ y la proteccin̤ de datos personales- sin perder de vista el sistema de solucin̤ de diferencias entre las partes. Adems̀, cuenta con un anl̀isis de situacin̤ desde la perspectiva espaǫla y en lo que respecta al entorno global del comercio internacional.
|
| 506 |
1 |
|
|a Disponible solo en los productos indicados
|d vLex Global
|d vLex Global (Academic Edition, excluding Law Schools)
|d vLex Global (U.S. Academic Edition, Law Schools)
|d vLex Global (U.S. Academic Edition, excluding Law Schools)
|d vLex Global (Academic Edition, Law Schools)
|
| 650 |
0 |
4 |
|a Derecho Internacional
|z Espaą
|
| 700 |
1 |
|
|a Garca̕ Lp̤ez, Julio A.
|
| 740 |
0 |
|
|a vLex Libros (Servicio en ln̕ea)
|
| 856 |
4 |
0 |
|u https://app.vlex.com/#/sources/36675
|z Acceso restringido
|
| 942 |
|
|
|c BOOK
|
| 999 |
0 |
|
|a International right
|